Forensic conservation (Record no. 72846)

MARC details
000 -LEADER
fixed length control field 01161cam a2200229 4500
001 - CONTROL NUMBER
control field ABS66774
008 - FIXED-LENGTH DATA ELEMENTS--GENERAL INFORMATION
fixed length control field 030612n2003 000 0 eng u
035 ## - SYSTEM CONTROL NUMBER
System control number (Sirsi) u122585
100 ## - MAIN ENTRY--PERSONAL NAME
Personal name Watt, D.
245 ## - TITLE STATEMENT
Title Forensic conservation
260 ## - PUBLICATION, DISTRIBUTION, ETC.
Date of publication, distribution, etc. 2003
490 ## - SERIES STATEMENT
Series statement Context
Volume/sequential designation (79) May 2003, 22-24(3)
520 ## - SUMMARY, ETC.
Summary, etc. Looks at how a more integrated and scientific approach to investigating and understanding historic buildings and their increasingly complex problems, can add value to professional work. Defines 'forensic conservation' as 'conservation practised scientifically and to such a standard that the practitioner could appropriately present any aspect of the work as expert testimony or evidence in a court of law' (Martin Weaver, 1995). Presents a schedule of investigative methods, summarised as a non-destructive survey, defect monitoring and material analysis.
590 ## - LOCAL NOTE (RLIN)
Local note ABS
650 ## - SUBJECT ADDED ENTRY--TOPICAL TERM
Topical term or geographic name entry element DEFINITIONS
650 ## - SUBJECT ADDED ENTRY--TOPICAL TERM
Topical term or geographic name entry element HISTORIC BUILDINGS
650 ## - SUBJECT ADDED ENTRY--TOPICAL TERM
Topical term or geographic name entry element FORENSIC CONSERVATION
650 ## - SUBJECT ADDED ENTRY--TOPICAL TERM
Topical term or geographic name entry element EXPERT EVIDENCE
690 ## - LOCAL SUBJECT ADDED ENTRY--TOPICAL TERM (OCLC, RLIN)
Topical term or geographic name as entry element BUILT ENVIRONMENT-BUILDING MAINTENANCE AND REFURBISHMENT-BUILDING CONSERVATION
700 ## - ADDED ENTRY--PERSONAL NAME
Personal name Colston, B.
942 ## - ADDED ENTRY ELEMENTS (KOHA)
Suppress in OPAC 0
Holdings
Withdrawn status Lost status Source of classification or shelving scheme Damaged status Not for loan Home library Current library Shelving location Date acquired Total Checkouts Full call number Barcode Date last seen Copy number Price effective from Koha item type
    Dewey Decimal Classification     London London Journal article 12/06/2003   ABS66774 122585-1001 06/08/2019 1 06/08/2019 Journal article